000 00543nam a22001937a 4500
005 20251108174917.0
008 250721s2010 xx 000 0 ara d
082 1 4 _a864/كوي
100 1 _aالصيفي، رنا
_eمترجم
245 1 0 _aمكتوب /
250 _aط.2
264 1 _aبيروت :
_bشركة المطبوعات للنشر والتوزيع،
_c2010.
300 _a202 ص.
650 1 7 _aالمقالات الأدبية
650 1 7 _aالبرازيل
650 1 7 _aالتأمل
942 _2ddc
_cBK
999 _c121268
_d121268